La mallerenga blava i la ruta de la forja : una aventura a Alpens / una aventura a Alpens /
Descripción Física:
[25] pàgines ; il·lustracions en color ; 21 cm
Otros Autores:
Subi, 1969-
Materias:
Animals domèstics -- Llibres per a infants
; Forja -- Alpens (Catalunya)
; Alpens (Catalunya) -- Llibres per a infants
; Contes infantils
Idioma:
Catalán
MARC
| LEADER | 00000nam a22000007a 4500 | ||
|---|---|---|---|
| 001 | 28998 | ||
| 003 | AGDB | ||
| 005 | 20260324181539.0 | ||
| 008 | 251105b spa||||| |||| 00| 0 cat d | ||
| 017 | |a B 7250-2025 | ||
| 040 | |a agdb |b cat | ||
| 100 | |a Obiols, Anna, |d 1975- |4 autora |9 71585 | ||
| 245 | |a La mallerenga blava i la ruta de la forja : |b una aventura a Alpens / |c Anna Obiols Llopart ; il·lustracions: Subi | ||
| 260 | |a [Alpens] : |b Ajuntament d'Alpens : |b Consorci del Lluçanès, |c 2025 | ||
| 300 | |a [25] pàgines ; |b il·lustracions en color ; |c 21 cm | ||
| 650 | 0 | |a Animals domèstics |v Llibres per a infants |9 71587 | |
| 650 | 0 | |a Forja |z Alpens (Catalunya) |9 72754 | |
| 651 | 0 | |a Alpens (Catalunya) |9 72755 |v Llibres per a infants | |
| 655 | 0 | |a Contes infantils |9 67183 | |
| 700 | 0 | |a Subi, |d 1969- |9 71586 |e il·lustracions | |
| 942 | |2 udc |c ARXIU |n 1 | ||
| 952 | |0 0 |1 0 |2 udc |4 0 |6 FU7886 |7 0 |9 98603 |a Arxiu |b Arxiu |d 2025-11-05 |l 0 |o FU-78-86 |p 28998 |r 2025-11-05 13:00:29 |w 2025-11-05 |y ARXIU | ||
| 999 | |c 130347 |d 130347 | ||